Levant Map Quiz - Statistics

General Stats
  • This quiz has been taken 319 times
  • The average score is 7 of 9
Answers on the Map
Answers color-coded by a green-red scale on the quiz's map according to % correct below.
 
Answer Stats
Answer % Correct
Palestine
88%
Cyprus
87%
Syria
87%
Israel
86%
Jordan
85%
Lebanon
84%
Northern Cyprus
83%
Akrotiri and Dhekelia
76%
Hatay
68%
No matching quizzes found
Score Distribution
Percent of People with Each Score
Percentile by Number Answered
Your Score History
You have not taken this quiz